| 000 | 01056nam0a22002891 4500 | ||
|---|---|---|---|
| 001 | rc\233969 | ||
| 005 | 20250621011848.0 | ||
| 010 |
_a5-319-00944-5 _9200000 |
||
| 035 | _a(NLR Aleph) 005496588 | ||
| 090 |
_a5263155 _c5263154 |
||
| 100 | _a20030307d1990 |||y0rusy50 ca | ||
| 101 | 0 | _arus | |
| 102 | _aRU | ||
| 105 | _ay ||||||||| | ||
| 200 | 1 |
_aНаполеон и женщины Фредерика Массона _fПер. с фр. И.Г. Гольденберга |
|
| 205 | _a[Репринт. воспроизведение изд. 1912 г.] | ||
| 210 |
_aКиев. _cУкрайина _dБ. г. (1990) |
||
| 215 |
_a340, [1] с. _d17 |
||
| 225 | 1 | _aБиблиотека репринтных изданий | |
| 300 | _aВых. дан. ориг.: М.: Книгоиздательство "Современ. пробл." | ||
| 600 | 0 |
_aНаполеон _dI _cимп. _2psbo |
|
| 700 | 1 |
_aМассон _bФ. _f1847-1923 _gФредерик |
|
| 801 | 0 |
_aRU _bNLR _gpsbo |
|
| 801 | 1 |
_aRU _bELAR _2rusmarc |
|
| 852 |
_aNLR _j91-2/13 |
||
| 942 | _cBOOK | ||
| 980 | _aNB | ||